000 00287nam a2200097Ia 4500
001 718268
005 20250826163020.0
008 250824s9999 xx 000 0 und d
245 0 _aSALTANATTAN CUMHURİYETE YAKIN TARİHİMİZİN SIR PERDESİ
_cYAVUZ BAHADIROĞLU
260 _bPANAMA YAYINLARI
999 _c718268
_d718268